[Event "Budapest Honved"]
[Site "Budapest"]
[Date "1997.??.??"]
[Round "9"]
[White "Baumegger, Siegfried"]
[Black "Gartner, Guntram"]
[Result "1/2-1/2"]
[WhiteElo "2360"]
[BlackElo "2380"]
[PlyCount "21"]
[EventDate "1997.02.??"]
[EventType "tourn"]
[EventRounds "11"]
[EventCountry "HUN"]
[EventCategory "7"]
[SourceTitle "CBM 058 Extra"]
[Source "ChessBase"]
[SourceDate "1997.07.29"]
[SourceVersion "1"]
[SourceVersionDate "1997.07.29"]
[SourceQuality "1"]

1. e4 e5 2. Nf3 Nc6 3. Bb5 a6 4. Ba4 Nf6 5. 0-0 Be7 6. Re1 b5 7. Bb3 0-0 8. c3 d6 9. h3 Re8 10. d4 Bf8 11. Nbd2 1/2-1/2

[Event "Budapest Honved"]
[Site "Budapest"]
[Date "1997.??.??"]
[Round "2"]
[White "Gartner, Guntram"]
[Black "Gross, David"]
[Result "1/2-1/2"]
[WhiteElo "2380"]
[BlackElo "2360"]
[PlyCount "49"]
[EventDate "1997.02.??"]
[EventType "tourn"]
[EventRounds "11"]
[EventCountry "HUN"]
[EventCategory "7"]
[SourceTitle "CBM 058 Extra"]
[Source "ChessBase"]
[SourceDate "1997.07.29"]
[SourceVersion "1"]
[SourceVersionDate "1997.07.29"]
[SourceQuality "1"]

1. d4 Nf6 2. c4 g6 3. Nc3 Bg7 4. e4 d6 5. h3 0-0 6. Be3 Na6 7. Bd3 e5 8. d5 Nh5 9. Nge2 f5 10. exf5 gxf5 11. g4 f4 12. Bd2 Nf6 13. g5 Nb4 14. Bb1 Nh5 15. Ne4 Na6 16. Ng1 Qe8 17. Nf3 Bf5 18. Nh4 Bxe4 19. Bxe4 Nc5 20. Qc2 Nxe4 21. Qxe4 b5 22. 0-0-0 bxc4 23. Qxc4 Rb8 24. Qe4 Kh8 25. Bc3 1/2-1/2